000 00322nam a22001337a 4500
008 170823b xxu||||| |||| 00| 0 eng d
020 _a0387966633
041 _aeng
080 _a51
100 _a38
101 _aMAT
245 _aHARMONIC ANALYSIS ON SYMMETRIC SPACES AND APPLICATIONS II
_cTERRAS,A
942 _2udc
_cBK
999 _c24700
_d24700